01446cam a22003014a 4500001000800000005001700008008004100025010001700066015001900083016001800102020003800120020003500158035002400193035002100217040005200238050003000290082001800320100001600338245002900354260005300383300003500436490007300471504006400544505036800608630004800976630004501024830007501069429100620200421093825.0081201s2009 miua b s001 0 eng  a 2008051693 aGBA9343222bnb7 a0151044622Uk a9780814333082 (pbk. : alk. paper) a0814333087 (pbk. : alk. paper) a(OCoLC)ocn276930479 a(OCoLC)276930479 aDLCcDLCdBTCTAdYDXCPdUKMdC#PdBWXdCDXdNLE00aPN1992.77.D6273bL43 200900a791.45/722221 aLeach, Jim.10aDoctor Who /cJim Leach. aDetroit :bWayne State University Press,cc2009. aviii, 112 p. :bill. ;c18 cm.1 aContemporary approaches to film and television series. TV milestones aIncludes bibliographical references (p. 105-107) and index.0 aDoctor Who at the BBC -- Who watched Who? an unearthly child -- The Dalek factor: the evil of the Daleks -- Doctor Who and the fantastic: the Daemons -- The formula for Doctor Who: city of death -- Talking about regeneration: the five doctors -- Time television: vengeance on Varos -- That was the future that was: the curse of Fenric -- The return of Doctor Who.00aDoctor Who (Television program : 1963-1989)00aDoctor Who (Television program : 2005- ) 0aContemporary approaches to film and television series.pTV milestones.